| 000 | 00356nam a2200145Ia 4500 | ||
|---|---|---|---|
| 008 | 230917s9999||||xx |||||||||||||| ||und|| | ||
| 040 |
_e98520 _aMAIN |
||
| 041 | _aEnglish | ||
| 082 | _a658.8 C441E | ||
| 100 | _aChisnall, Peter M | ||
| 245 | 0 | _aEffective industrial marketing | |
| 260 |
_aLondon _bLongman _c1977 |
||
| 300 | _axii, 302 p. | ||
| 942 | _cBK | ||
| 999 |
_c180850 _d180850 |
||